| 000 | 00618nam a2200193 i 4500 | ||
|---|---|---|---|
| 001 | 20807 | ||
| 003 | ES-MaACL | ||
| 005 | 20230906152351.0 | ||
| 007 | t| | ||
| 008 | 021118s1971 sp ||||1| spa d | ||
| 080 | _a821.521-32"17" | ||
| 100 | 1 |
_aUeda, Akinari. _9111872 |
|
| 245 | 1 | 3 |
_aLa luna de las lluvias / _cUeda Akinari ; presentación: José M. Carandel ; [traducción Manuel Serrat Crespo]. |
| 260 |
_aBarcelona : _bMateu, _c[1971] |
||
| 300 |
_a184 p., 9 lám. ; _c24 cm. |
||
| 700 | 1 |
_aCarandell, José María. _934957 |
|
| 700 | 1 |
_aSerrat Crespo, Manuel. _9105816 |
|
| 852 |
_aES-MaACL _jC-43518 _bR.80268 |
||
| 999 |
_c20807 _d20807 |
||